000 00950nam0a2200289 4500
001 RU\NLR\bibl\1328109
005 20260405161121.0
010 _a978-5-386-00997-7
_93000
021 _aRU
_b2008-101026
_95945
035 _a(NLR Aleph) 001313372
090 _a693641
_c693641
100 _a20090212d2008 |||y0rusy50 ca
101 0 _arus
_ceng
102 _aRU
105 _ay |||||||||
200 1 _aБожья девушка по вызову
_fКарла ван Рэй
_g[пер. с англ. А.А. Давыдовой]
210 _aМосква
_cРИПОЛ классик
_d2008
215 _a478, [1] с.
_d21
225 1 _aThe best of ripol
686 _aШ6(4Вл)67-440.4{Лх1299-50}
700 1 _4070
_7ca
_8rus
_aРэй
_bК. ван
_f1938-
_gКарла ван
_950571
_3RU\NLR\AUTH\7767643
801 0 _aRU
_bNLR
_c20090212
_gRCR
801 1 _aRU
_bNLR
_c20090212
942 _cBOOK
980 _aNB